000 00392nam a2200145Ia 4500
003 GCL
008 140319s9999 xx 000 0 ara d
040 _aGCL /
_cGCL
082 0 4 _a273.9
_bك م
100 1 _aكليناس لويس
245 1 0 _aملحد يؤمن /
_cكليناس لويس
260 _a[S.N] :
_bدار الثقافة العربية ،
_c1987
300 _a165 ص
490 _a
999 _c54320
_d54320